000 00391pab a2200157 454500
008 180718b1982 xxu||||| |||| 00| 0 eng d
100 _aMarutollo, Frank
245 _aThe elements of competency
260 _c1982
300 _ap.523-551.
362 _aJul-Sep
650 _aAdministrative sciences
773 _aIndian Journal of Public Administration
908 _aN
909 _a88629
999 _c88629
_d88629